00433nam a2200145Ia 4500008004100000020001800041082000800059100001000067245003100077260004700108300001300155942001700168952008700185999001500272250731s9999 xx 000 0 und d a9789375487241 aYAS aYasma 0aPareenge raanee aai dheyoa aMale Maldivesb Dhagatha Publishers c2012 a52p.20cm iYAScTN6YAS 94349aKFPLbKFPLcDHId2025-07-31l0oYASpKL-2024-001718r2025-07-31 13:37:44yTN c4035d4035